[Event "XXXVIII Benasque Open 2018"]
[Site "Benasque"]
[Date "2018.07.09"]
[Round "5"]
[White "Suarez Uriel, Adrian"]
[Black "Vocaturo, Daniele"]
[Result "0-1"]
[WhiteElo "2405"]
[BlackElo "2609"]
[Annotator "TA"]
[PlyCount "196"]
[EventDate "2018.07.05"]
[EventType "swiss"]
[EventCountry "ESP"]
[SourceTitle "playchess.com"]
[Source "ChessBase"]
[SourceQuality "1"]

{[%evp 10,196,3,0,0,-6,0,0,20,-9,-8,-10,-10,-43,-42,-41,-17,-17,-18,-16,-21,-27,-27,-25,-14,-8,-16,-31,-32,-31,0,0,0,0,12,-14,116,119,133,123,229,166,181,185,201,205,208,155,137,137,148,137,137,137,146,145,131,139,135,124,131,131,271,261,245,208,218,114,92,37,38,44,51,60,60,56,62,60,340,339,430,0,0,-205,-205,-205,-205,-205,-205,-205,-198,-198,-191,-191,-176,-202,-202,-202,-202,-202,-202,-242,-213,-385,0,-202,-184,-305,-176,-272,-272,-272,-176,-272,-272,-272,-272,-265,-265,-277,-272,-272,-272,-278,-278,-278,-278,-514,-440,-12825,-10310,-12829,-12830,-12830,-12831,-12832,-12833,-12833,-12830,-12831,-12831,-12834,-12834,-12835,-12834,-12835,-12836,-12836,-12837,-12837,-12837,-12842,-12843,-12843,-12840,-12843,-12838,-12842,-12843,-12844,-12844,-12845,-12845,-12845,-12846,-12846,-12844,-12845,-12845,-12845,-12844,-12844,-12845,-12846,-12846,-12847,-12846,-12846,-12847,-12847,-12847,-12848,-12848,-12849,-12848,-12849,-12850,-12850,-12850]} 1. e4 c5 2. Ne2 Nf6 3. Nbc3 d5 4. exd5 Nxd5 5. Nxd5 Qxd5 6. Nc3 {LiveBook: 9 Games} Qd8 {B20: Sicilian: Unusual White 2nd moves} 7. Bc4 (7. g3 Nc6 8. Bg2 Bf5 9. Bxc6+ bxc6 10. d3 g6 11. O-O c4 12. Re1 cxd3 13. cxd3 Bg7 14. Bg5 Be6 15. Qd2 h6 16. Be3 Qa5 17. Rac1 Rd8 18. b3 {½-½ (18) Koenig,U (2451)-Biskopp,W (2564) Remote email 2014}) 7... Nc6 8. O-O $146 ({Predecessor:} 8. d3 Bf5 9. O-O e6 10. Be3 Be7 11. Ne4 Qb6 12. a3 Rd8 13. Ng3 Bg6 14. f4 {½-½ (25) Antonov,N (2311)-Hladecek,M (2414) ICCF email 2012}) 8... Bf5 {The position is equal.} 9. Re1 e6 10. d3 Be7 11. Bd2 O-O 12. a4 Rc8 13. Ne4 Qc7 14. Qc1 Rfd8 15. Bf4 Qb6 16. Bd2 Nd4 {[%cal Bc6d4,Bd4b5,Bb5d6][%mdl 32]} 17. a5 Qc6 18. c3 Nb5 $1 19. Be3 Bf8 20. Bg5 $36 {[%mdl 2048] White has good play.} Rd7 21. Qe3 Nd6 {White must now prevent ...Bxe4.} 22. Bb3 {Strongly threatening Ba4.} Bg6 (22... b6 $11) 23. Ba4 $16 Qc7 24. Bxd7 Qxd7 (24... Nf5 $16 {is a better defense.} 25. Qf3 Qxd7) 25. Nxd6 Bxd6 26. d4 c4 27. Bf4 Bf8 28. Qe5 a6 29. h4 Rc6 30. Rad1 {Hoping for d5.} f6 31. Qe3 Qd5 32. Qf3 Qxf3 33. gxf3 Bf7 34. Kg2 h5 35. Bb8 b5 (35... Kh7 $16 36. Re2 Rc8) 36. axb6 $18 Rxb6 37. Bf4 Rxb2 38. Rb1 (38. Ra1 $1 $18) 38... Rb3 $16 39. Ra1 (39. Bd2 $16) 39... Rxc3 $14 40. Rxa6 {Ra8 is the strong threat.} Ra3 $1 {[%cal Ra3a6]} 41. Rb6 {aiming for Rb8.} Rb3 $1 {[%cal Rb3b6]} 42. Rb1 Rxb1 43. Rxb1 {[%mdl 4096] Endgame And now Rb8 would win. KRB-KB} c3 $2 {[%mdl 8192]} (43... Bg6 $14 44. Rb6 Kf7) 44. Rb8 $18 c2 45. Rc8 $2 (45. Bc1 $18) 45... Bg6 $11 46. Bd6 $2 {[#]} (46. Bc1 $11 {and White has nothing to worry.} Kf7 47. Rc7+ Ke8 48. Rc8+ Kf7 49. Rc7+ Ke8 50. Rc8+ Kf7) 46... c1=Q $1 $19 {[%cal Rc1c8][%mdl 512]} 47. Rxc1 Bxd6 48. Rc6 {[#]} Bf4 $1 49. Rxe6 Kf8 50. Ra6 Bf7 51. Rb6 Ke8 52. Ra6 Kd7 53. Ra7+ {[#]} Bc7 $1 54. f4 Bd5+ 55. Kg3 Kc8 56. Ra1 $2 (56. f3) 56... Kd7 (56... g5 $142 57. f3 Bxf4+ 58. Kf2 Kd7) 57. Ra7 Kc6 58. Ra1 (58. f3 $142) 58... Bb6 (58... g5 $142 59. Ra6+ Kb5 60. Rxf6 gxf4+ 61. Kh2 Bf3 62. Rf5+ Kc6 63. Rc5+ Kd6) 59. Ra8 (59. Re1 {might work better.}) 59... Be6 ({Don't take} 59... Bxd4 60. f5 $19) 60. Ra4 Kd5 61. Ra1 (61. Rb4 $142 Bxd4 62. Rb5+ Bc5 63. Ra5) 61... Bf5 62. Re1 Bxd4 63. Re7 g6 64. Re1 Bg4 65. Rb1 Bc5 66. Ra1 Bd6 67. Ra5+ Ke6 68. Ra6 $2 (68. Rb5 {was forced.}) 68... g5 {Black is clearly winning.} 69. hxg5 (69. f3 $142 Bf5 70. hxg5 fxg5 71. Kg2 gxf4 72. Ra8) 69... fxg5 70. Kg2 gxf4 71. f3 Bf5 72. Ra4 h4 73. Ra8 Be5 74. Ra6+ Kf7 75. Rb6 Be6 76. Rb7+ Kf6 77. Rb6 Bd4 78. Ra6 h3+ 79. Kh2 Bf2 80. Ra5 Bg3+ 81. Kg1 Bf7 82. Rb5 Kg6 83. Ra5 Bc4 84. Rc5 Be2 85. Rc3 Kg5 86. Ra3 Kh4 87. Rb3 Be1 88. Kh2 Bf2 89. Ra3 Be3 90. Ra8 Bxf3 91. Rh8+ Bh5 92. Rh7 Bf2 93. Rh8 Bg3+ 94. Kg1 Kg5 95. Rg8+ Kf6 {( -> ...h2+)} 96. Rh8 Bg4 97. Rg8 h2+ 98. Kg2 {[#]} Bf3+ $1 {Precision: White = 48%, Black = 64%.} 0-1

[Event "XXXVIII Benasque Open 2018"]
[Site "Benasque"]
[Date "2018.07.09"]
[Round "5"]
[White "Soham, Das"]
[Black "Forcen Esteban, Daniel"]
[Result "1/2-1/2"]
[WhiteElo "2359"]
[BlackElo "2567"]
[Annotator "ChessBase"]
[PlyCount "41"]
[EventDate "2018.07.05"]
[EventType "swiss"]
[EventCountry "ESP"]
[SourceTitle "playchess.com"]
[Source "ChessBase"]
[SourceQuality "1"]
[TimeControl "5400+30"]

1. e4 {[%emt 0:00:00]} e6 {[%emt 0:00:00]} 2. d4 {[%emt 0:00:00]} d5 {[%emt 0:00:00]} 3. Nc3 {[%emt 0:00:00]} Nf6 {[%emt 0:00:00]} 4. e5 {[%emt 0:00:02]} Nfd7 {[%emt 0:00:00]} 5. f4 {[%emt 0:00:04]} c5 {[%emt 0:00:03]} 6. Nf3 {[%emt 0:00:03]} Nc6 {[%emt 0:00:15]} 7. Be3 {[%emt 0:00:05]} cxd4 {[%emt 0:00:13]} 8. Nxd4 {[%emt 0:00:05]} Bc5 {[%emt 0:00:05]} 9. Qd2 {[%emt 0:00:44]} O-O {[%emt 0:00:08]} 10. O-O-O {[%emt 0:00:03]} a6 {[%emt 0:00:04]} 11. Qf2 {[%emt 0:00:13]} Nxd4 {[%emt 0:00:17]} 12. Bxd4 {[%emt 0:00:02]} b6 {[%emt 0:00:07]} 13. Bd3 {[%emt 0:10:38]} f6 {[%emt 0:03:55]} 14. Qh4 {[%emt 0:21:10]} g6 {[%emt 0:00:48]} 15. Bxc5 {[%emt 0:09:38]} bxc5 {[%emt 0:06:39]} 16. f5 {[%emt 0:19:24]} gxf5 {[%emt 0:20:00]} 17. Nxd5 {[%emt 0:16:20]} exd5 {[%emt 0:12:55]} 18. Bxf5 {[%emt 0:00:08]} Qe7 {[%emt 0:00:04]} 19. Rxd5 {[%emt 0:03:25]} Ra7 {[%emt 0:02:25]} 20. Re1 {[%emt 0:03:23]} Re8 {[%emt 0:13:10]} 21. Re4 {[%emt 0:02:15]} 1/2-1/2